000 00674nam a22002177a 4500
005 20150213124636.0
010 _aENG-112072
020 _a9789351433705
_c550.00
035 _aEN-95604
037 _bDBAD/PUB
082 _a657.76
100 _aShaikh, Israr
245 _aAccounting standards simplified/
_bby Israr Shaikh [and] Rajesh Makkar
250 _a4th ed
260 _aGurgaon
_bLexisNexis
_c2015
270 _a14th Floor, Bldg. No.10, Tower-B, DLF Cyber City, Phase-II
_bGurgaon
_e122002
300 _aliii,435p.:
_b28cm(pbk)
505 _aCA/CMA Final [May / November 2015]
700 _aMakkar,Rajesh
942 _2ddc
_cEN
_mSHA
_h657.76
999 _c91167
_d91167